Diego Rivera (Record no. 164)

MARC details
000 -CABECERA
campo de control de longitud fija 01050nam a2200229 a 4500
001 - NÚMERO DE CONTROL
campo de control BRCA_195
005 - FECHA Y HORA DE LA ÚLTIMA TRANSACCIÓN
campo de control 20190320202922.0
008 - DATOS DE LONGITUD FIJA--INFORMACIÓN GENERAL
campo de control de longitud fija 840416s1984 arua---##b---#000-0#eng-#
020 ## - NÚMERO INTERNACIONAL ESTÁNDAR DEL LIBRO
Número Internacional Estándar del Libro 0910407118 (pbk.)
040 ## - FUENTE DE LA CATALOGACIÓN
Centro catalogador/agencia de origen DLC
Centro/agencia transcriptor DLC
Centro/agencia modificador DLC
050 #4 - SIGNATURA TOPOGRÁFICA DE LA BIBLIOTECA DEL CONGRESO
Número de clasificación ND259.R5
Número de documento/Ítem .A56 1984
245 10 - MENCIÓN DE TÍTULO
Título Diego Rivera
Resto del título los años cubistas
Mención de responsabilidad, etc. Ramón Favela ; organized by James K. Ballinger.
260 ## - PUBLICACIÓN, DISTRIBUCIÓN, ETC.
Lugar de publicación, distribución, etc. Phoenix, Arizona
Nombre del editor, distribuidor, etc. Phoenix Art Museum
Fecha de publicación, distribución, etc. c1984
300 ## - DESCRIPCIÓN FÍSICA
Extensión XII, 176 p.
Otras características físicas il. (algunas a color)
Dimensiones 31 cm.
500 ## - NOTA GENERAL
Nota general Catálogo de la exposición realizada en el Phoenix Art Museum, 10 marzo-29 abril, 1984; en la Galería IBM de Cienca y Arte, 13 junio-8 agosto, 1984; en el San Francisco Museum of Modern Art, 27 septiembre-11 noviembre, 1984; y en el Museo Nacional de Arte, 6 diciembre 1984-11 febrero 1985
504 ## - NOTA DE BIBLIOGRAFÍA, ETC.
Nota de bibliografía, etc. Bibliografía: p. 141-145
600 14 - PUNTO DE ACCESO ADICIONAL DE MATERIA--NOMBRE DE PERSONA
Nombre de persona Rivera, Diego
Fechas asociadas al nombre 1886-1957
Subdivisión de forma Exposiciones - Catálogos
9 (RLIN) 708
650 14 - PUNTO DE ACCESO ADICIONAL DE MATERIA--TÉRMINO DE MATERIA
Término de materia o nombre geográfico como elemento de entrada Cubismo
Subdivisión de forma Exposiciones - Catálogos
9 (RLIN) 709
700 1# - PUNTO DE ACCESO ADICIONAL--NOMBRE DE PERSONA
Nombre de persona Favela, Ramón
9 (RLIN) 710
700 1# - PUNTO DE ACCESO ADICIONAL--NOMBRE DE PERSONA
Nombre de persona Ballinger, James K
9 (RLIN) 711
942 ## - ELEMENTOS DE PUNTO DE ACCESO ADICIONAL (KOHA)
Fuente del sistema de clasificación o colocación Library of Congress Classification
Tipo de ítem Koha Libros
Holdings
Estado de retiro Estado de pérdida Estado dañado No para préstamo Localización permanente Ubicación/localización actual Fecha de adquisición Total de préstamos Signatura topográfica completa Código de barras Fecha visto por última vez Precio válido a partir de Tipo de ítem Koha
El ejemplar forma parte de la colección y puede ser consultado según las políticas vigentes.       Biblioteca del Museo Franz Mayer (Rogerio Casas-Alatriste) Biblioteca del Museo Franz Mayer (Rogerio Casas-Alatriste) 25/06/2008   ND259.R5 .A56 1984 00260 22/03/2019 22/03/2019 Libros